书目信息 |
| 题名: |
21世纪中国新闻学与传播学应用新闻学卷
|
|
| 作者: | 单波 | |
| 分册: | ||
| 出版信息: | 上海 复旦大学出版社 37165 |
|
| 页数: | 300页 | |
| 开本: | 23cm | |
| 丛书名: | ||
| 单 册: | ||
| 中图分类: | G210.92 | |
| 科图分类: | ||
| 主题词: | 新闻学 , 新闻工作 | |
| 电子资源: | ||
| ISBN: | 7-309-02855-4 | |
| 000 | 00585nam0 2200193 450 | |
| 001 | 0728815141 | |
| 005 | 20070819080015.14 | |
| 010 | @a7-309-02855-4@d¥38.00 | |
| 100 | @a20070819d km y0chiy0120 ea | |
| 101 | 0 | @achi |
| 200 | 1 | @a21世纪中国新闻学与传播学应用新闻学卷@A21 shi ji zhong guo xin wen xue yu chuan bo xue ying yong xin wen xue juan@f单波@Fdan bo |
| 210 | @a上海@c复旦大学出版社@d37165 | |
| 215 | @a300页@d23cm | |
| 606 | 0 | @a新闻学 |
| 606 | 0 | @a新闻工作 |
| 690 | @aG210.92@v3 | |
| 701 | 0 | @a单波@Adan bo |
| 801 | 0 | @aCN@bPFT@c20070819 |
| 905 | @a213230@dG210.92@eZW59@f1 | |
| 21世纪中国新闻学与传播学应用新闻学卷/单波.-上海:复旦大学出版社,37165 |
| 300页;23cm |
| ISBN 7-309-02855-4:¥38.00 |
| ● |
| 相关链接 |
|
|
|
|
正题名:21世纪中国新闻学与传播学应用新闻学卷
索取号:G210.92/ZW59
 
预约/预借
| 序号 | 登录号 | 条形码 | 馆藏地/架位号 | 状态 | 备注 |
| 1 | 7612512 | 276125122 | 密集书库-文学院/ [索取号:G210.92/ZW59] | 在馆 |